书目信息 |
| 题名: |
邓小平理论和“三个代表”重要思想概论
|
|
| 作者: | 张文化 主编 | |
| 分册: | 专科试用本 | |
| 出版信息: | 北京 高等教育出版社 2003 |
|
| 页数: | 10,267页 | |
| 开本: | 21cm | |
| 丛书名: | ||
| 单 册: | ||
| 中图分类: | A849 , D26 | |
| 科图分类: | ||
| 主题词: | 邓小平理论--高等学校--教材 , “三个代表”--高等学校--教材 | |
| 电子资源: | ||
| ISBN: | 7-04-012234-0 | |
| 000 | 01075nam0 2200289 450- | |
| 001 | 0100944164 | |
| 005 | 20140609140021.0 | |
| 010 | @a7-04-012234-0@dCNY11.50 | |
| 011 | @a7-04-012234-0 | |
| 100 | @a20030917d2003 em y0chiy0120 ea | |
| 101 | 0 | @achi |
| 102 | @aCN@b110000 | |
| 105 | @ay z 000yy | |
| 106 | @ar | |
| 200 | 1 | @a邓小平理论和“三个代表”重要思想概论@9Deng Xiao Ping Li Lun He;Huo;Hu “ San Ge Dai Biao ” Zhong;Chong Yao Si;Sai Xiang Gai Lun @i专科试用本@f张文化主编@b专著 |
| 210 | @a北京@c高等教育出版社@d2003 | |
| 215 | @a10,267页@d21cm | |
| 300 | @a全国普通高等学校“两课”示范教材 | |
| 304 | @a教育部社会科学研究与思想政治工作司组编 | |
| 330 | @a本书密切联系实际,论述了邓小平理论是当代中国的马克思主义,“三个代表”重要思想是马克思主义中国化的最新理论成果,社会主义的本质和根本任务等。 | |
| 606 | 0 | @a邓小平理论@x高等学校@j教材 |
| 606 | 0 | @a“三个代表”@x高等学校@j教材 |
| 690 | @aA849@v4 | |
| 690 | @aD26@v4 | |
| 701 | 0 | @a张文化@f(1966~)@4主编@9zhang wen hua |
| 801 | 0 | @aCN@bAZmarc@c20230831 |
| 905 | @aBZT@dA849@e19@f31@sA849/19 | |
| 邓小平理论和“三个代表”重要思想概论.专科试用本/张文化主编.-北京:高等教育出版社,2003 |
| 10,267页;21cm |
| 全国普通高等学校“两课”示范教材 |
| ISBN 7-04-012234-0:CNY11.50 |
| 本书密切联系实际,论述了邓小平理论是当代中国的马克思主义,“三个代表”重要思想是马克思主义中国化的最新理论成果,社会主义的本质和根本任务等。 |
| ● |
| 相关链接 |
|
|
|
正题名:邓小平理论和"三个代表"重要思想概论
索取号:A849/19
 
预约/预借
| 序号 | 登录号 | 条形码 | 馆藏地/架位号 | 状态 | 备注 |
| 1 | 2000054642 | 2000054642 | 旧书回溯/ [索取号:A849/19] | 在馆 | |
| 2 | 2000054643 | 2000054643 | 旧书回溯/ [索取号:A849/19] | 在馆 | |
| 3 | 2000054644 | 2000054644 | 旧书回溯/ [索取号:A849/19] | 在馆 | |
| 4 | 2000054645 | 2000054645 | 旧书回溯/ [索取号:A849/19] | 在馆 | |
| 5 | 2000054646 | 2000054646 | 旧书回溯/ [索取号:A849/19] | 在馆 | |
| 6 | 2000054647 | 2000054647 | 旧书回溯/ [索取号:A849/19] | 在馆 | |
| 7 | 2000054648 | 2000054648 | 旧书回溯/ [索取号:A849/19] | 在馆 | |
| 8 | 2000054649 | 2000054649 | 旧书回溯/ [索取号:A849/19] | 在馆 | |
| 9 | 2000054650 | 2000054650 | 旧书回溯/ [索取号:A849/19] | 在馆 | |
| 10 | 2000054651 | 2000054651 | 旧书回溯/ [索取号:A849/19] | 在馆 | |
| 11 | 2000054652 | 2000054652 | 旧书回溯/ [索取号:A849/19] | 在馆 | |
| 12 | 2000054653 | 2000054653 | 旧书回溯/ [索取号:A849/19] | 在馆 | |
| 13 | 2000054654 | 2000054654 | 旧书回溯/ [索取号:A849/19] | 在馆 | |
| 14 | 2000054655 | 2000054655 | 旧书回溯/ [索取号:A849/19] | 在馆 | |
| 15 | 2000054656 | 2000054656 | 旧书回溯/ [索取号:A849/19] | 在馆 | |
| 16 | 2000054657 | 2000054657 | 旧书回溯/ [索取号:A849/19] | 在馆 | |
| 17 | 2000054658 | 2000054658 | 旧书回溯/ [索取号:A849/19] | 在馆 | |
| 18 | 2000054659 | 2000054659 | 旧书回溯/ [索取号:A849/19] | 在馆 | |
| 19 | 2000056569 | 2000056569 | 旧书回溯/ [索取号:A849/19] | 在馆 | |
| 20 | 2000060945 | 2000060945 | 旧书回溯/ [索取号:A849/19] | 在馆 | |
| 21 | 2000060946 | 2000060946 | 旧书回溯/ [索取号:A849/19] | 在馆 | |
| 22 | 2000060947 | 2000060947 | 旧书回溯/ [索取号:A849/19] | 在馆 | |
| 23 | 2000060948 | 2000060948 | 旧书回溯/ [索取号:A849/19] | 在馆 | |
| 24 | 2000067478 | 2000067478 | 旧书回溯/ [索取号:A849/19] | 在馆 | |
| 25 | 2000128026 | 2000128026 | 旧书回溯/ [索取号:A849/19] | 在馆 | |
| 26 | 2000128027 | 2000128027 | 旧书回溯/ [索取号:A849/19] | 在馆 | |
| 27 | 2000128028 | 2000128028 | 旧书回溯/ [索取号:A849/19] | 在馆 | |
| 28 | 2000128029 | 2000128029 | 旧书回溯/ [索取号:A849/19] | 在馆 | |
| 29 | 2000128030 | 2000128030 | 旧书回溯/ [索取号:A849/19] | 在馆 | |
| 30 | 2000128031 | 2000128031 | 旧书回溯/ [索取号:A849/19] | 在馆 | |
| 31 | 2000128032 | 2000128032 | 旧书回溯/ [索取号:A849/19] | 在馆 |